Desarrollos conceptuales y operacionales acerca de la creatividad

Saved in:
Bibliografiske detaljer
Hovedforfatter: López Pérez, Ricardo (autor)
Format: Bog
Sprog:spansk
Udgivet: Santiago Universidad Central 1995
Udgivelse:1a. ed
Serier:Cuadernos de Trabajo, 1
Fag:
Tags: Tilføj Tag
Ingen Tags, Vær først til at tagge denne postø!

MARC

LEADER 00000nam a2200000 a 4500
001 UCJ1312
003 CL-VaPUC
008 061013e19950000CL |||||||||||||||||spa|d
020 |a 956713412X 
082 0 4 |a 370.157  |b LOP  |2 21 
100 |a López Pérez, Ricardo  |e autor  |9 569668 
245 1 0 |a Desarrollos conceptuales y operacionales acerca de la creatividad 
250 |a 1a. ed 
300 |a 50 p 
942 |c BK 
945 |d 20061013 00:00:00  |a cmena 
260 |a Santiago  |b Universidad Central  |c 1995 
650 0 |a Creatividad   |9 310816 
650 0 |a Psicología educacional   |9 307830 
650 0 |a Filosofía de la educación   |9 258384 
650 0 |a Métodos de enseñanza  |9 270413 
583 |a last modification  |c 20061013 00:00:00  |k Rodrigo Vera 
490 0 |a Cuadernos de Trabajo, 1 
999 |c 317933  |d 317931 
952 |0 0  |1 0  |4 0  |6 370_157000000000000_LOP_1995  |7 0  |8 A  |9 395043  |a BIBEDU  |b BIBEDU  |d 2019-11-22  |i 4265297  |o 370.157 LOP 1995  |p 4265297  |r 2019-11-22  |w 2019-11-22  |y BK  |k PAR